On the beat to the hustings : an autobiography
| Main Author: | |
|---|---|
| Format: | Book |
| Published: |
Singapore :
Times Books International ,
1988
|
| Subjects: |
MARC
| LEADER | 00000cam a2200000 7i4500 | ||
|---|---|---|---|
| 001 | 0000003109 | ||
| 005 | 20091202.0 | ||
| 020 | |a 9971654687 | ||
| 090 | 0 | 0 | |a 920 |b LEE |
| 100 | 0 | |a Lee Khoo Choy | |
| 245 | 1 | 0 | |a On the beat to the hustings : |b an autobiography |c Lee Khoo Choy |
| 260 | |a Singapore : |b Times Books International , |c 1988 | ||
| 300 | |a 106p. ; |c 20cm. | ||
| 600 | 0 | 0 | |a Lee Khoo Choy |x Biographies |
| 999 | |a 036672 |b BUKU |c PINJAMAN |e PERPUSTAKAAN KOMUNITI PETALING JAYA | ||